Najbardziej znani artyści - Eurowizja 2025 - Statystyki

Ogólne statystyki
  • Ten quiz został rozwiązany 118 razy
    117 od ostatniego zresetowania
  • Średni wynik to 8 z 10
Statystyki odpowiedzi
Kraj Artysta % Poprawnych
Polska Justyna Steczkowska
99%
Estonia Tommy Cash
89%
Szwecja KAJ
88%
Australia Gojo
77%
Grecja Klavdia
73%
Słowenia Klemen
67%
Włochy Lucio Corsi
67%
Holandia Claude
65%
San Marino Gabry Ponte
64%
Francja Louane
63%
Nie znaleziono quizów pasujących do podanych kryteriów
Rozkład punktacji
Procent ludzi z każdym wynikiem
Percentyl według liczby udzielonych odpowiedzi
Twoja historia wyników
Nie rozwiązałeś tego quizu od ostatniego zresetowania